1736 1416 1673 1369 1163 1978 1497 1473 1473 1184 1934 1073 1640 1239 1808 1280 1980 1353 1678 1764 1231 1741 1740 1502 1216 1326 1022 1466 1349 1939 1572 1701 1916 1203 1776 1433 1709 1736 1388 1660 1923 1754 1385 1607 1926 1892 1764 1047 1646 1271 1217 1429 1880 1373 1402 1872 1019 1270 1846 1139 1422 1267 1623 1865 1565 1691 1842 1708 1284 1988 1114 1011 1485 1539 1158 1101 1709 1767 1683 1601 1768 1030 1412 1330 1821 1383 1177 1069 1677 1994 1286 1416 1463 1326 1815 1394 1218 1192 1164 BCNSPRNW ULIB Ver.6.0+V

เปลี่ยนเป็นภาษาไทย

Change to English
 แสดงรายละเอียดบรรณานุกรม
  กลับหน้าหลัก

Brief Record : Get Marc (ISO 2709) : E-mail record : QR code < ปิดหน้าต่าง
LEADER : 00000nam 2200000uu 4500
001    13399110610
003     ULIB
008    110606s2551||||th 000 0 tha d
020    9789741110049(ล.2)
060  4 QS4^bว491R ล.2 2551
110 1  ศิริราชพยาบาล^bคณะแพทย์ศาสตร์
245 00 Regional anatomy for medical student book 2 /^cวาสนา พลากรกุล และคณะ
250    พิมพ์ครั้งที่ 1
260    กรุงเทพฯ:^bบริษัท ศิริวัฒนาอินเตอร์พริ้น จำกัด,^c2551
300    552 หน้า:^bภาพประกอบ
650  0 กายวิภาคศาสตร์
700 0  วาสนา พลากรกุล,^eบรรณาธิการ
710 1  ศิริราชพยาบาล^bคณะแพทย์ศาสตร์
945    ^p890^l0^i15582
945    ^p890^l0^i15590
945    ^p890^l0^i15584
945    ^p890^l0^i15589
945    ^p890^l0^i15588
945    ^p890^l0^i15586
945    ^p890^l0^i15585
945    ^p890^l0^i15583
945    ^p890^l0^i15587
995    กัณชพร
999    ^aใช้งานได้ทุกระบบ
รายการนี้ยังไม่มีแท็ก
คุณยังไม่ได้ล็อกอิน คุณสามารถมีกิจกรรมร่วมกับเว็บไซต์ได้ แต่ต้องล็อกอินก่อน ::
  ล็อกอิน

รายการสื่อสารสนเทศ

ลำดับที่ ประเภท เลขเรียก/บาร์โค้ด สถานที่ สถานะ
1. วิทยาศาสตร์การแพทย์ และสุขภาพ
วิทยาศาสตร์การแพทย์ และสุขภาพ
QS4 ว491R ล.2 2551  
  Barcode: 15587
ห้องสมุดวิทยาเขตสวรรค์ประชารักษ์
►ส่วนจัดเก็บหนังสือเก่า สปร
บนชั้น
  ขอยืม
2. วิทยาศาสตร์การแพทย์ และสุขภาพ
วิทยาศาสตร์การแพทย์ และสุขภาพ
QS4 ว491R ล.2 2551 ฉ.2 
  Barcode: 15585
ห้องสมุดวิทยาเขตสวรรค์ประชารักษ์
►ส่วนจัดเก็บหนังสือเก่า สปร
บนชั้น
  ขอยืม
3. วิทยาศาสตร์การแพทย์ และสุขภาพ
วิทยาศาสตร์การแพทย์ และสุขภาพ
QS4 ว491R ล.2 2551 ฉ.3 
  Barcode: 15586
ห้องสมุดวิทยาเขตสวรรค์ประชารักษ์
►ส่วนจัดเก็บหนังสือเก่า สปร
บนชั้น
  ขอยืม
4. วิทยาศาสตร์การแพทย์ และสุขภาพ
วิทยาศาสตร์การแพทย์ และสุขภาพ
QS4 ว491R ล.2 2551 ฉ.4 
  Barcode: 15588
ห้องสมุดวิทยาเขตสวรรค์ประชารักษ์
►ส่วนจัดเก็บหนังสือเก่า สปร
บนชั้น
  ขอยืม
5. วิทยาศาสตร์การแพทย์ และสุขภาพ
วิทยาศาสตร์การแพทย์ และสุขภาพ
QS4 ว491R ล.2 2551 ฉ.5 
  Barcode: 15589
ห้องสมุดวิทยาเขตสวรรค์ประชารักษ์
►ส่วนจัดเก็บหนังสือเก่า สปร
บนชั้น
  ขอยืม
6. วิทยาศาสตร์การแพทย์ และสุขภาพ
วิทยาศาสตร์การแพทย์ และสุขภาพ
QS4 ว491R ล.2 2551 ฉ.6 
  Barcode: 15583
ห้องสมุดวิทยาเขตสวรรค์ประชารักษ์
►ส่วนจัดเก็บหนังสือเก่า สปร
บนชั้น
  ขอยืม
7. วิทยาศาสตร์การแพทย์ และสุขภาพ
วิทยาศาสตร์การแพทย์ และสุขภาพ
QS4 ว491R ล.2 2551 ฉ.7 
  Barcode: 15584
ห้องสมุดวิทยาเขตสวรรค์ประชารักษ์
►ส่วนจัดเก็บหนังสือเก่า สปร
บนชั้น
  ขอยืม
8. วิทยาศาสตร์การแพทย์ และสุขภาพ
วิทยาศาสตร์การแพทย์ และสุขภาพ
QS4 ว491R ล.2 2551 ฉ.8 
  Barcode: 15590
ห้องสมุดวิทยาเขตสวรรค์ประชารักษ์
►ส่วนจัดเก็บหนังสือเก่า สปร
บนชั้น
  ขอยืม
9. วิทยาศาสตร์การแพทย์ และสุขภาพ
วิทยาศาสตร์การแพทย์ และสุขภาพ
QS4 ว491R ล.2 2551 ฉ.9 
  Barcode: 15582
ห้องสมุดวิทยาเขตสวรรค์ประชารักษ์
►ส่วนจัดเก็บหนังสือเก่า สปร
บนชั้น
  ขอยืม

รายการใกล้เคียง
    หัวเรื่อง [กายวิภาคศาสตร์]

BibComment


ยังไม่เคยถูกคอมเมนท์

คอมเมนท์ทรัพยากรรายการนี้
  คอมเมนท์: Regional anatomy ..


 Copyright 2026. Bcnsprnw @Library